000
00329nam a2200169Ia 4500
100
_a
kaplan/Zach
650
_a
3D
942
_c
BK
366
_f
20
654
_a
3d carving
245
_a
Make:Getting started with 3D Carving
260
_b
SPD
_c
2017
082
_b
KAP
300
_a
124
546
_a
ENGLISH
999
_c
21579
_d
21579